EL PARTIDO LIBERAL: CONVERSACIONES CON D. JOSE CANALEJAS

Guardado en:
書目詳細資料
格式: 圖書
主題:
標簽: 添加標簽
沒有標簽, 成為第一個標記此記錄!

MARC

LEADER 00000nam^a2200000^a^4500
001 000220976
005 20250521000000.0
009 20260526131905.254
035 |a 014509 
037 |a Acervo Xavier Clavigero 
082 |a 320. 51  |b PAR 
245 1 3 |a EL PARTIDO LIBERAL:  |b CONVERSACIONES CON D. JOSE CANALEJAS 
264 |a MADRID :  |b ESTABLECIMIENTO TIPOGRAFICO,  |c 1912 
300 |a 231p. 
336 |a texto  |b txt  |2 rdacontenido 
337 |a sin mediación  |b n  |2 rdamedio 
338 |a volumen  |b nc  |2 rdasoporte 
649 |a XX 
650 |a Liberalismo 
650 |a PARTIDOS POLITICOS 
650 |a Política -  |x Teoría 
910 |a Fondo General 
920 |a Impresos - Libros 
930 |a Colección General 
905 |a 101 
901 |a 014509  |b IT1  |c ACC  |i 014509  |u 20250521 
902 |a https://opac.biblio.iteso.mx/vufind/Record/000220976